000 00646nam a2200217Ia 4500
005 20241129120238.0
008 241129s9999||||xx |||||||||||||| ||und||
020 _a9781479815968
037 _aTB
040 _aSDCL
_beng
_cSDCL
041 _aeng
_2eng
084 _aW, R3
_qSDCL
100 _aNorris Robert J.; Hicks William D.; Mullinix Kevin J.
_9729515
245 0 _aPolitics of innocence: How wrongful convictions shape public opinion
260 _aNew York
_bNew York University Press
_c2023
300 _aix,239p.
365 _aUSD
_b30
650 _aPolitical Science
942 _cTB
_hW, R3
999 _c1233980
_d1233980